| 000 | 01247cam a2200289 4500 | ||
|---|---|---|---|
| 001 | ABS65187 | ||
| 008 | 020301n2002 000 0 eng u | ||
| 035 | _a(Sirsi) u116944 | ||
| 100 | _aLichfield, N. | ||
| 245 | _aLand assembly in the urban renaissance | ||
| 260 | _c2002 | ||
| 490 |
_aTown & Country Planning _v71(1) January 2002, 10-13(4) |
||
| 520 | _aAssessment of recent major study "Our Towns and Cities: The Future: Delivering an Urban Renaissance " by the DETR, which points out that there are alternative methods other than compulsory purchase concerning land assembly. Within this Urban White Paper are guidelines on assisted land pooling as a different method of dealing with urban renewal and development. Examines various other documents in discussion on the issues involved. | ||
| 590 | _aABS | ||
| 650 | _aURBAN WHITE PAPER | ||
| 650 | _aTOWARDS AN URBAN RENAISSANCE | ||
| 650 | _aURBAN TASK FORCE | ||
| 650 | _aURBAN REGENERATION | ||
| 650 | _aURBAN RENAISSANCE | ||
| 650 | _aURBAN RENEWAL | ||
| 650 | _aURBAN DEVELOPMENT | ||
| 650 | _aLAND ASSEMBLY | ||
| 650 | _aLAND POOLING | ||
| 650 |
_aCompulsory purchase _96228 |
||
| 690 | _aENVIRONMENTAL AND LAND CONSULTANCY-PLANNING AND DEVELOPMENT | ||
| 942 | _n0 | ||
| 999 |
_c69651 _d69651 |
||